000 00630nam a2200241Ia 4500
003 OSt
005 20221007072533.0
006 a|||||r|||| 00| 0
007 ta
008 221006b |||||||| |||| 00| 0 eng d
024 _a24,772
037 _cTextual
040 _aFLL
_cFLL
_beng
041 _2eng
_aeng
082 _aZ3:3, J5.2;K1.2
100 _aChitty Joseph
_9690885
245 0 _aChitty on contracts
250 _a21st
260 _aLondon
_bSweet & Maxwell Limited UK
_c1961
300 _acxxvii,738p
_ccm.
942 _hZ3:3, J5.2;K1.2
_cTEXL
_2CC
999 _c1146348
_d1146348